Normal view
MARC view
- State and government in islamabad
Entry Topical Term
001 - CONTROL NUMBER
- control field: 109675
003 - CONTROL NUMBER IDENTIFIER
- control field: NUST
005 - DATE AND TIME OF LATEST TRANSACTION
- control field: 20230301110141.0
008 - FIXED-LENGTH DATA ELEMENTS
- fixed length control field: 230301|| aca||aabn | a|a d
040 ## - CATALOGING SOURCE
- Original cataloging agency: NUST
- Transcribing agency: NUST
150 ## - HEADING--TOPICAL TERM
- Topical term or geographic name entry element: State and government in islamabad
670 ## - SOURCE DATA FOUND
- Source citation: Work cat.: (NUST)178131: Asad, Muhammad 1343, State and Government in Islam /
